| 000 | 00821nam a2200277 4500 | ||
|---|---|---|---|
| 003 | OSt | ||
| 005 | 20260530113905.0 | ||
| 008 | 260508b1971 it a|||| |||| 00| 0 ita d | ||
| 040 |
_aICI _bspa _cICI |
||
| 041 | _aita | ||
| 050 |
_aTS171.Z36 _bB46 2004 |
||
| 100 | 1 |
_aDorfles, Gillo _dautor _932712 |
|
| 245 | 1 | 0 | _aMarco Zanuso designer |
| 264 | 1 |
_aItalia _bEditalia _c1971 |
|
| 300 |
_a150 páginas : _bilustraciones, |
||
| 336 |
_atexto _2rdacontent |
||
| 337 |
_asin medio _2rdamedia |
||
| 338 |
_avolumen _2rdacarrier |
||
| 600 | 1 | 4 |
_aZanuso, Marco, _d1916-2001 _vBiografías _932713 |
| 650 | 4 |
_aDiseño industrial _915218 |
|
| 650 | 4 |
_aDiseñadores industriales _932714 |
|
| 650 | 4 |
_aMobiliario moderno _932715 |
|
| 650 | 4 |
_aHistoria del diseño _932716 |
|
| 650 | 4 |
_aDiseño italiano _932717 |
|
| 942 |
_2lcc _cBK _n1 |
||
| 999 |
_c11919 _d11919 |
||